[Event "HUN-chT4 Chalupetzky 1819"]
[Site "Hunagry"]
[Date "2019.03.24"]
[Round "8.2"]
[White "Balint, Laszlo"]
[Black "Decsei, Sandor"]
[Result "1/2-1/2"]
[WhiteElo "1515"]
[BlackElo "1591"]
[PlyCount "71"]
[EventDate "2018.10.14"]
[EventType "team-tourn"]
[EventRounds "10"]
[EventCountry "HUN"]
[SourceTitle "EXT 2020"]
[Source "ChessBase"]
[SourceDate "2019.10.17"]
[SourceVersion "1"]
[SourceVersionDate "2019.10.17"]
[SourceQuality "1"]
[WhiteTeam "KSE Level"]
[BlackTeam "Toltestava Tornado"]
[WhiteTeamCountry "HUN"]
[BlackTeamCountry "HUN"]

1. d4 g6 2. c4 Bg7 3. Nf3 Nf6 4. Nc3 0-0 5. e4 d6 6. h3 Nbd7 7. Be3 b6 8. Bd3 Bb7 9. 0-0 c6 10. Qd2 Qc7 11. Bh6 Ba6 12. Bxg7 Kxg7 13. Nh2 b5 14. f4 e5 15. fxe5 dxe5 16. cxb5 exd4 17. Ne2 cxb5 18. Nxd4 Nxe4 19. Qe3 Nef6 20. Rac1 Qd6 21. Qf4 Qxf4 22. Rxf4 Rac8 23. Rff1 Rxc1 24. Rxc1 Rc8 25. Rf1 Ne5 26. Bb1 Nc4 27. b3 Nd2 28. Re1 Nxb1 29. Rxb1 Rc5 30. Nhf3 b4 31. Re1 Rc7 32. Kh2 Nd5 33. Ne5 Nc3 34. Ra1 Re7 35. Nc4 Rd7 36. Nc2 1/2-1/2

[Event "HUN-chT4 Chalupetzky 1516"]
[Site "Fertoszentmiklos"]
[Date "2016.03.06"]
[Round "6.5"]
[White "Decsei, Sandor"]
[Black "Halmai, Florian"]
[Result "0-1"]
[WhiteElo "1595"]
[BlackElo "1589"]
[PlyCount "138"]
[EventDate "2015.10.11"]
[EventType "team-tourn"]
[EventRounds "7"]
[EventCountry "HUN"]
[SourceTitle "EXT 2017"]
[Source "ChessBase"]
[SourceDate "2016.10.25"]
[SourceVersion "1"]
[SourceVersionDate "2016.10.25"]
[SourceQuality "1"]
[WhiteTeam "Toltestava Tornado"]
[BlackTeam "Lovo II"]
[WhiteTeamCountry "HUN"]
[BlackTeamCountry "HUN"]

1. e4 c5 2. Nf3 d6 3. Bc4 e6 4. 0-0 Nc6 5. d4 cxd4 6. Nxd4 Nf6 7. Nc3 a6 8. Bg5 Be7 9. Qd2 0-0 10. Rad1 Qc7 11. Bb3 Rd8 12. Qe2 Na5 13. Rc1 h6 14. Be3 b5 15. a3 Nxb3 16. cxb3 Qd7 17. Qf3 Bb7 18. Qg3 Kh7 19. f3 d5 20. b4 dxe4 21. fxe4 Bxe4 22. Nxe4 Nxe4 23. Qf4 Nd6 24. Nc6 Re8 25. Nxe7 Rxe7 26. Bc5 e5 27. Qd2 Re6 28. Rfd1 Rd8 29. Bb6 Rc8 30. Bc5 Rc6 31. Rc3 e4 32. Re3 Qc7 33. Qd5 Nb7 34. Bd4 Rcd6 35. Qf5+ Rg6 36. Qxe4 Rde6 37. Qd3 Kg8 38. Bc3 Rd6 39. Re8+ Kh7 40. Qe2 Rxd1+ 41. Qxd1 Qc6 42. Qe2 Nd6 43. Re5 Nc4 44. Re7 Qd5 45. g3 h5 46. b3 Nd6 47. Re5 Qxb3 48. Rxh5+ Kg8 49. Qf3 Re6 50. Rh8+ Kxh8 51. Bxg7+ Kxg7 52. Qxb3 Nc4 53. Qf3 Ne3 54. Qh5 f6 55. Qf3 Kg6 56. h4 f5 57. Kf2 Ng4+ 58. Kg2 Ne3+ 59. Kh3 Ng4 60. Qf4 Nh6 61. Qg5+ Kh7 62. Qd2 Rf6 63. Qd7+ Nf7 64. Qd3 Kh6 65. Qd4 Kg6 66. g4 fxg4+ 67. Qxg4+ Kh6 68. Qe4 Kg7 69. h5 Ng5+ 0-1

[Event "HUN-chT4a 1516"]
[Site "Hungary"]
[Date "2016.02.27"]
[Round "7.12"]
[White "Decsei, Sandor"]
[Black "Nagy, Laszlo"]
[Result "1-0"]
[WhiteElo "1603"]
[BlackElo "1416"]
[PlyCount "61"]
[EventDate "2015.10.17"]
[EventType "team-tourn"]
[EventRounds "8"]
[EventCountry "HUN"]
[SourceTitle "EXT 2019"]
[Source "ChessBase"]
[SourceDate "2018.10.10"]
[SourceVersion "1"]
[SourceVersionDate "2018.10.10"]
[SourceQuality "1"]

1. e4 e5 2. Nf3 d6 3. Bc4 h6 4. 0-0 Nf6 5. d4 exd4 6. Nxd4 Be7 7. Nc3 0-0 8. Qd3 b6 9. Qg3 Nh5 10. Qg6 Bg5 11. Qxh5 Bxc1 12. Raxc1 Ba6 13. Bxa6 Nxa6 14. Qg4 Qf6 15. Nf5 c6 16. a3 Nc5 17. Rcd1 Rad8 18. Qg3 d5 19. Qf3 d4 20. b4 Ne6 21. Ne2 Rfe8 22. Nexd4 Nxd4 23. Nxd4 Qxd4 24. Rxd4 Rxd4 25. Re1 Red8 26. g3 Rc4 27. e5 Rxc2 28. e6 fxe6 29. Rxe6 Rf8 30. Qb3 Rc1+ 31. Re1+ 1-0

[Event "HUN-chT4 Chalupetzky 1516"]
[Site "Fertoszentmiklos"]
[Date "2016.02.21"]
[Round "5.5"]
[White "Nagy, Istvan"]
[Black "Decsei, Sandor"]
[Result "1-0"]
[WhiteElo "1792"]
[BlackElo "1603"]
[PlyCount "85"]
[EventDate "2015.10.11"]
[EventType "team-tourn"]
[EventRounds "7"]
[EventCountry "HUN"]
[SourceTitle "EXT 2017"]
[Source "ChessBase"]
[SourceDate "2016.10.25"]
[SourceVersion "1"]
[SourceVersionDate "2016.10.25"]
[SourceQuality "1"]
[WhiteTeam "Fertoszentmiklos"]
[BlackTeam "Toltestava Tornado"]
[WhiteTeamCountry "HUN"]
[BlackTeamCountry "HUN"]

1. e4 e5 2. Nf3 Nc6 3. Bb5 Nf6 4. 0-0 d6 5. Re1 Be7 6. h3 0-0 7. d4 Nxd4 8. Nxd4 exd4 9. Qxd4 Be6 10. Nc3 a6 11. Bf1 Qd7 12. Bf4 Rad8 13. Rad1 Rfe8 14. Bh2 Qc8 15. Nd5 Nxd5 16. exd5 Bf6 17. Qb4 Bf5 18. c3 h6 19. g4 Bc2 20. Rc1 Rxe1 21. Rxe1 b6 22. Qc4 a5 23. Qc6 Qd7 24. Qxd7 Rxd7 25. Re8+ Kh7 26. Bb5 Re7 27. Rxe7 Bxe7 28. f3 f5 29. Kf1 fxg4 30. hxg4 Bf6 31. Ke2 Bg6 32. Ke3 Kg8 33. Bg3 h5 34. gxh5 Bxh5 35. Be1 Bf7 36. Bc6 Kf8 37. a4 Be8 38. b4 axb4 39. cxb4 Bxc6 40. dxc6 Ke8 41. a5 bxa5 42. bxa5 Kd8 43. a6 1-0

[Event "HUN-chT4a 1516"]
[Site "Hungary"]
[Date "2015.11.28"]
[Round "3.22"]
[White "Decsei, Sandor"]
[Black "Bodor, Gergely"]
[Result "1/2-1/2"]
[WhiteElo "1603"]
[BlackElo "1818"]
[PlyCount "21"]
[EventDate "2015.10.17"]
[EventType "team-tourn"]
[EventRounds "8"]
[EventCountry "HUN"]
[SourceTitle "EXT 2019"]
[Source "ChessBase"]
[SourceDate "2018.10.10"]
[SourceVersion "1"]
[SourceVersionDate "2018.10.10"]
[SourceQuality "1"]

1. e4 e5 2. Nf3 Nc6 3. Bc4 Nf6 4. Ng5 d5 5. exd5 Nd4 6. c3 b5 7. Bd3 Nxd5 8. Nxf7 Kxf7 9. cxd4 Nf4 10. Be4 Qxd4 11. Qf3 1/2-1/2

[Event "HUN-chT4a 1314"]
[Site "Hungary"]
[Date "2014.01.11"]
[Round "7.3"]
[White "Decsei, Sandor"]
[Black "Horvath, Tibor"]
[Result "0-1"]
[WhiteElo "1682"]
[BlackElo "1689"]
[PlyCount "46"]
[EventDate "2013.09.28"]
[EventType "team-tourn"]
[EventRounds "9"]
[EventCountry "HUN"]
[SourceTitle "EXT 2016"]
[Source "ChessBase"]
[SourceDate "2015.10.08"]
[SourceVersion "1"]
[SourceVersionDate "2015.10.08"]
[SourceQuality "1"]

1. e4 d5 2. exd5 Nf6 3. Nf3 Nxd5 4. Bc4 e6 5. 0-0 Be7 6. Nc3 Nxc3 7. bxc3 0-0 8. d4 b6 9. Qe2 Bb7 10. Be3 Nd7 11. Rad1 Nf6 12. Rd3 a5 13. Rfd1 Be4 14. R3d2 Nd5 15. Bxd5 Qxd5 16. c4 Qb7 17. d5 exd5 18. cxd5 Bb4 19. Rd4 Rfe8 20. Ng5 Bg6 21. c4 Bc3 22. Rh4 Bf6 23. Rh3 Bxg5 0-1

[Event "HUN-chT4 1314"]
[Site "Hungary"]
[Date "2013.11.24"]
[Round "4.3"]
[White "Tringer, Mate"]
[Black "Decsei, Sandor"]
[Result "1/2-1/2"]
[WhiteElo "1507"]
[BlackElo "1682"]
[PlyCount "56"]
[EventDate "2013.10.13"]
[EventType "team-tourn"]
[EventRounds "11"]
[EventCountry "HUN"]
[SourceTitle "EXT 2016"]
[Source "ChessBase"]
[SourceDate "2015.10.08"]
[SourceVersion "1"]
[SourceVersionDate "2015.10.08"]
[SourceQuality "1"]

1. d4 d5 2. Nf3 Nf6 3. e3 Bg4 4. Nbd2 e6 5. c4 dxc4 6. Bxc4 Be7 7. Qb3 b6 8. 0-0 0-0 9. h3 Bf5 10. Ne5 Qd6 11. Rd1 Nc6 12. Ndf3 Na5 13. Qc3 Ne4 14. Qc2 Ng5 15. Qe2 f6 16. Nxg5 fxe5 17. e4 Nxc4 18. exf5 Bxg5 19. dxe5 Qxe5 20. Qxe5 Nxe5 21. Bxg5 exf5 22. Bf4 Rfe8 23. Rd5 Nc4 24. b3 Nd6 25. Bxd6 Rad8 26. Rad1 Rxd6 27. Rxd6 cxd6 28. Rxd6 Re7 1/2-1/2

[Event "HUN-chT4a 1314"]
[Site "Hungary"]
[Date "2013.11.16"]
[Round "4.3"]
[White "Bereczki, Erno"]
[Black "Decsei, Sandor"]
[Result "0-1"]
[WhiteElo "1636"]
[BlackElo "1682"]
[PlyCount "64"]
[EventDate "2013.09.28"]
[EventType "team-tourn"]
[EventRounds "9"]
[EventCountry "HUN"]
[SourceTitle "EXT 2016"]
[Source "ChessBase"]
[SourceDate "2015.10.08"]
[SourceVersion "1"]
[SourceVersionDate "2015.10.08"]
[SourceQuality "1"]

1. e4 e5 2. Nf3 Nc6 3. d4 exd4 4. Nxd4 Qh4 5. Qd3 Nf6 6. Nxc6 dxc6 7. Nd2 Bc5 8. g3 Qg4 9. f3 Qe6 10. Nb3 Bb6 11. Be3 Bd7 12. Nc5 Bxc5 13. Bxc5 b6 14. Bd4 c5 15. Bxf6 Qxf6 16. 0-0-0 0-0-0 17. f4 Kb8 18. Bg2 Bg4 19. Qa6 Rxd1+ 20. Rxd1 Rd8 21. Rd3 Rxd3 22. cxd3 Qd4 23. Bf1 Qe3+ 24. Kc2 Qf2+ 25. Kb3 Qxf1 26. f5 Be2 27. Qb5 Bxd3 28. Qe8+ Kb7 29. Qe5 Qe1 30. Ka3 Qd2 31. Qd5+ Ka6 32. b3 Qc1+ 0-1